Potlačenie problému Dependency Hell v prostredí Linux.

Salvato in:
Dettagli Bibliografici
Autore principale: Aufricht, Filip (Autore)
Altri autori: Vojtko, Martin (Relatore della tesi)
Natura: Manoscritto Libro
Lingua:slovacco
Pubblicazione: 2025
Soggetti:
Accesso online:http://is.stuba.sk/zp/portal_zp.pl?podrobnosti=168884
Tags: Aggiungi Tag
Nessun Tag, puoi essere il primo ad aggiungerne!!

MARC

LEADER 00000ntm a22000003a 4500
001 stuzp102854
003 SK-STU
005 20250614211608.1
007 ta
008 150427s2015----xo-----f-mn---000-0-slo-d
040 |a STU  |b slo 
041 0 |a slo 
100 1 |a Aufricht, Filip  |u 070400  |4 aut  |U FIIT Fakulta informatiky a informačných technológií  |T FIIT Ústav počítačového inžinierstva a aplikovanej informatiky  |X 116139  |U I400  |Y 672  |7 116139 
242 0 1 |a Dependency Hell supression in Linux  |y eng 
245 1 0 |a Potlačenie problému Dependency Hell v prostredí Linux. 
260 |c 2025 
650 4 |a linker  |2 eng 
650 4 |a linux  |2 eng 
650 4 |a dependency hell  |2 eng 
650 4 |a linux  |2 slo 
650 4 |a linker  |2 slo 
650 4 |a dependency hell  |2 slo 
700 1 |a Vojtko, Martin  |u 070100  |k Z3  |4 ths  |U FIIT Fakulta informatiky a informačných technológií  |T FIIT Ústav počítačových systémov a sietí  |X 48035  |U I100  |Y 178  |7 48035 
856 4 |u http://is.stuba.sk/zp/portal_zp.pl?podrobnosti=168884